500 größte Städte Europas - Statistiken

Allgemein
  • Dieses Quiz wurde 3.570 mal gespielt
    417 seit der letzten Aktualisierung
  • Das Durchschnittsergebnis liegt bei 178 aus 500
Antwortstatistiken
Land Stadt Einwohner % Korrekt
Deutschland Berlin 3.685.265
98%
Österreich Wien 2.028.289
98%
Deutschland Hamburg 1.862.565
97%
Türkei Istanbul 15.244.936
97%
Vereinigtes Königreich London 8.776.535
97%
Spanien Madrid 3.477.497
97%
Deutschland München 1.505.005
97%
Frankreich Paris 2.103.778
97%
Spanien Barcelona 1.713.247
96%
Russland Moskau 13.274.285
96%
Italien Rom 2.746.984
96%
Polen Warschau 1.861.599
96%
Ungarn Budapest 1.685.209
95%
Ukraine Kiew 2.952.301
95%
Italien Mailand 1.366.155
95%
Tschechien Prag 1.397.880
95%
Russland St. Petersburg 5.652.922
95%
Dänemark Kopenhagen 1.396.508
94%
Rumänien Bukarest 1.716.961
93%
Deutschland Köln 1.024.621
92%
Belarus Minsk 1.995.471
92%
Bulgarien Sofia 1.205.548
90%
Niederlande Amsterdam 942.504
88%
Serbien Belgrad 1.197.714
86%
Deutschland Düsseldorf 618.685
86%
Deutschland Frankfurt am Main 756.021
86%
Norwegen Oslo 724.290
86%
Schweden Stockholm 995.574
86%
Deutschland Stuttgart 612.663
86%
Griechenland Athen 643.449
85%
Finnland Helsinki 684.018
85%
Frankreich Marseille 886.040
85%
Deutschland Bremen 586.271
84%
Deutschland Leipzig 611.850
84%
Vereinigtes Königreich Manchester 470.411
84%
Deutschland Dresden 564.904
83%
Italien Neapel 908.082
83%
Niederlande Rotterdam 674.485
83%
Vereinigtes Königreich Birmingham 1.121.408
82%
Irland Dublin 592.713
82%
Deutschland Dortmund 603.462
81%
Spanien Valencia 841.558
81%
Kroatien Zagreb 777.359
81%
Portugal Lissabon 545.796
80%
Frankreich Lyon 519.127
80%
Deutschland Nürnberg 529.508
80%
Italien Turin 856.745
80%
Belgien Brüssel 198.314
78%
Schweiz Zürich 436.551
78%
Deutschland Essen 574.682
77%
Vereinigtes Königreich Liverpool 506.552
77%
Lettland Riga 591.882
77%
Deutschland Hannover 522.131
76%
Spanien Sevilla 688.714
76%
Schweiz Bern 137.995
75%
Vereinigtes Königreich Glasgow 631.690
75%
Litauen Vilnius 607.842
75%
Deutschland Kiel 252.668
74%
Deutschland Bochum 358.676
73%
Niederlande Den Haag 569.076
73%
Vereinigtes Königreich Edinburgh 505.310
73%
Italien Palermo 625.956
73%
Portugal Porto 231.800
73%
Italien Venedig 249.466
73%
Deutschland Duisburg 502.270
72%
Estland Tallinn 456.518
72%
Slowakei Bratislava 478.040
71%
Deutschland Freiburg im Breisgau 237.460
71%
Polen Krakau 806.201
71%
Deutschland Mainz 224.684
71%
Deutschland Mannheim 318.035
71%
Deutschland Karlsruhe 309.050
70%
Deutschland Potsdam 184.754
70%
Deutschland Rostock 205.307
70%
Spanien Bilbao 350.975
69%
Deutschland Gelsenkirchen 267.930
69%
Deutschland Augsburg 301.105
68%
Österreich Graz 305.314
68%
Deutschland Magdeburg 244.329
68%
Deutschland Aachen 262.670
67%
Belgien Antwerpen 562.002
67%
Deutschland Bielefeld 331.605
67%
Deutschland Bonn 323.336
67%
Frankreich Bordeaux 267.991
67%
Polen Danzig 487.371
67%
Deutschland Erfurt 218.793
67%
Italien Genua 563.947
67%
Österreich Salzburg 157.659
67%
Bosnien & Herzegowina Sarajevo 348.363
67%
Albanien Tirana 389.323
67%
Ukraine Donezk 901.645
66%
Italien Florenz 362.353
66%
Spanien Málaga 597.173
66%
Schweden Malmö 365.644
66%
Frankreich Straßburg 293.771
66%
Deutschland Wiesbaden 288.850
66%
Frankreich Nizza 357.737
65%
Deutschland Wuppertal 358.193
65%
Schweiz Genf 209.061
64%
Schweden Göteborg 608.993
64%
Vereinigtes Königreich Leeds 536.321
64%
Deutschland Saarbrücken 182.971
64%
Deutschland Braunschweig 252.962
63%
Deutschland Halle (Saale) 226.767
63%
Deutschland Münster 308.258
63%
Ukraine Odessa 1.010.537
63%
Griechenland Thessaloniki 319.044
63%
Schweiz Basel 177.571
62%
Vereinigtes Königreich Belfast 450.386
62%
Deutschland Chemnitz 245.618
62%
Moldawien Chișinău 567.038
62%
Österreich Innsbruck 132.499
62%
Österreich Linz 213.557
62%
Slowenien Ljubljana 290.903
62%
Deutschland Mönchengladbach 267.213
62%
Norwegen Bergen 293.709
61%
Ukraine Charkiw 1.421.125
61%
Deutschland Kassel 197.230
61%
Nordmazedonien Skopje 526.376
61%
Deutschland Darmstadt 167.029
60%
Deutschland Ingolstadt 141.185
60%
Frankreich Lille 238.246
60%
Deutschland Paderborn 156.378
60%
Spanien Palma de Mallorca 443.196
60%
Deutschland Leverkusen 168.581
59%
Deutschland Lübeck 216.889
59%
Belgien Gent 272.657
58%
Ukraine Lwiw 717.273
58%
Italien Bologna 390.734
57%
Deutschland Heidelberg 155.756
57%
Polen Lodz 652.015
57%
Deutschland Osnabrück 166.057
57%
Frankreich Toulouse 514.819
57%
Deutschland Würzburg 133.258
57%
Polen Breslau 673.743
56%
Vereinigtes Königreich Newcastle 286.468
56%
Deutschland Regensburg 151.389
56%
Spanien Saragossa 699.007
56%
Niederlande Utrecht 378.278
56%
Italien Bari 315.473
55%
Vereinigtes Königreich Cardiff 348.546
55%
Niederlande Eindhoven 249.873
55%
Deutschland Fürth 132.036
55%
Deutschland Oberhausen 213.646
55%
Deutschland Oldenburg 176.614
55%
Belarus Brest 342.461
54%
Frankreich Brest 142.346
54%
Vereinigtes Königreich Bristol 585.492
54%
Deutschland Hamm 179.968
54%
Russland Rostow am Don 1.143.123
54%
Kroatien Split 158.636
54%
Italien Verona 255.133
54%
Russland Kasan 1.329.825
53%
Frankreich Nantes 327.734
53%
Serbien Niš 178.976
53%
Russland Wolgograd 1.012.219
53%
Russland Kaliningrad 488.690
52%
Deutschland Krefeld 231.406
52%
Luxemburg Luxemburg 136.161
52%
Polen Posen 538.439
52%
Frankreich Rennes 230.890
52%
Vereinigtes Königreich Nottingham 299.797
51%
Tschechien Pilsen 187.928
51%
Niederlande Groningen 244.829
50%
Deutschland Ludwigshafen am Rhein 177.222
50%
Belgien Lüttich 197.323
50%
Vereinigtes Königreich Southampton 249.604
50%
Polen Stettin 389.066
50%
Dänemark Aarhus 301.049
49%
Tschechien Brünn 402.739
49%
Deutschland Herne 155.851
48%
Frankreich Montpellier 310.240
48%
Kosovo Pristina 143.469
48%
Island Reykjavik 136.894
47%
Deutschland Solingen 165.626
46%
Vereinigtes Königreich Aberdeen 196.220
45%
Vereinigtes Königreich Brighton and Hove 277.106
45%
Deutschland Hagen 190.384
45%
Vereinigtes Königreich Leicester 406.588
45%
Spanien Murcia 477.631
45%
Montenegro Podgorica 173.024
45%
Vereinigtes Königreich Sheffield 500.552
45%
Italien Cagliari 146.627
44%
Russland Sotschi 445.149
44%
Portugal Braga 146.543
43%
Spanien Donostia-San Sebastián 189.507
43%
Deutschland Heilbronn 131.986
43%
Deutschland Offenbach am Main 132.746
43%
Norwegen Trondheim 216.518
43%
Russland Ufa 1.166.098
43%
Spanien Vigo 295.735
43%
Italien Catania 297.517
42%
Irland Cork 131.423
42%
Ukraine Dnipro 968.502
42%
Russland Krasnodar 1.154.885
42%
Spanien Alicante 365.586
41%
Schweiz Lausanne 144.873
41%
Russland Nischni Nowgorod 1.198.245
41%
Italien Triest 198.668
41%
Rumänien Cluj-Napoca 286.598
40%
Spanien Córdoba 324.159
40%
Spanien Granada 235.294
40%
Deutschland Mülheim an der Ruhr 173.050
40%
Frankreich Reims 177.674
40%
Spanien A Coruña 251.277
39%
Ukraine Luhansk 397.677
39%
Deutschland Neuss 154.317
38%
Vereinigtes Königreich Oxford 170.798
38%
Finnland Tampere 260.180
38%
Bulgarien Warna 318.737
38%
Vereinigtes Königreich Wolverhampton 234.015
38%
Litauen Kaunas 302.874
37%
Vereinigtes Königreich Norwich 200.752
37%
Dänemark Odense 185.480
37%
Italien Parma 198.986
37%
Polen Katowice 279.190
36%
Ukraine Mariupol 425.681
36%
Deutschland Pforzheim 134.912
36%
Russland Samara 1.154.223
36%
Schweden Uppsala 178.098
36%
Russland Perm 1.027.518
35%
Vereinigtes Königreich Plymouth 266.983
35%
Serbien Novi Sad 260.438
34%
Vereinigtes Königreich Swansea 170.055
34%
Frankreich Dijon 161.830
33%
Tschechien Ostrau 283.187
33%
Bulgarien Plowdiw 329.489
33%
Finnland Turku 206.073
33%
Russland Woronesch 1.041.722
33%
Vereinigtes Königreich York 141.671
33%
Vereinigtes Königreich Bournemouth 196.445
32%
Niederlande Enschede 162.671
32%
Vereinigtes Königreich Portsmouth 223.312
32%
Russland/Ukraine Sewastopol 485.386
32%
Belgien Charleroi 205.763
31%
Ungarn Debrecen 202.130
31%
Griechenland Iraklio 179.301
31%
Frankreich Le Havre 166.687
31%
Russland Murmansk 264.339
31%
Frankreich Saint-Étienne 173.136
31%
Vereinigtes Königreich Dundee 146.840
30%
Belarus Gomel 501.802
30%
Finnland Oulu 216.152
30%
Spanien Santander 175.082
30%
Vereinigtes Königreich Cambridge 152.725
29%
Frankreich Grenoble 156.140
29%
Vereinigtes Königreich Ipswich 151.562
29%
Polen Lublin 329.565
29%
Vereinigtes Königreich Luton 233.498
29%
Vereinigtes Königreich Sunderland 168.277
29%
Spanien Valladolid 301.798
29%
Italien Brescia 199.949
28%
Spanien Getafe 195.628
28%
Slowakei Kaschau 225.044
28%
Italien Rimini 150.630
28%
Ukraine Saporischschja 710.052
28%
Russland Saratow 886.165
28%
Norwegen Stavanger 150.123
28%
Vereinigtes Königreich Blackpool 149.056
27%
Vereinigtes Königreich Derby 275.599
27%
Spanien Elche 245.575
27%
Italien Messina 216.918
27%
Italien Modena 184.739
27%
Griechenland Piräus 168.152
27%
Vereinigtes Königreich Coventry 344.322
26%
Vereinigtes Königreich Northampton 243.511
26%
Italien Padua 207.694
26%
Vereinigtes Königreich Stoke-on-Trent 260.602
26%
Frankreich Toulon 179.116
26%
Rumänien Konstanza 263.688
25%
Russland Orenburg 536.515
25%
Spanien Pamplona 209.676
25%
Vereinigtes Königreich Reading 203.808
25%
Niederlande Tilburg 230.757
25%
Spanien Almería 204.772
24%
Bulgarien Burgas 189.014
24%
Vereinigtes Königreich Middlesbrough 148.219
24%
Frankreich Nîmes 151.839
24%
Niederlande Arnhem 172.002
23%
Vereinigtes Königreich Bradford 333.931
23%
Frankreich Le Mans 146.249
23%
Niederlande Nijmegen 189.850
23%
Spanien Oviedo 223.576
23%
Frankreich Tours 139.259
23%
Polen Bydgoszcz 326.434
22%
Russland Kursk 434.696
22%
Griechenland Patras 215.923
22%
Russland Archangelsk 294.914
21%
Russland Astrachan 465.990
21%
Frankreich Clermont-Ferrand 146.351
21%
Litauen Klaipėda 160.082
21%
Ungarn Szeged 157.282
21%
Spanien Burgos 178.370
20%
Spanien Gijón 271.259
20%
Russland Jaroslawl 563.717
20%
Italien Livorno 152.916
20%
Rumänien Timişoara 250.849
20%
Polen Białystok 291.688
19%
Vereinigtes Königreich Bolton 184.073
19%
Ukraine Cherson 279.131
19%
Rumänien Craiova 234.140
19%
Finnland Espoo 320.931
19%
Niederlande Haarlem 168.946
19%
Russland Machatschkala 625.322
19%
Spanien Salamanca 145.583
19%
Russland Smolensk 310.460
19%
Frankreich Amiens 136.449
18%
Russland Belgorod 321.761
18%
Niederlande Breda 190.171
18%
Türkei Edirne 180.002
18%
Polen Gdynia 241.189
18%
Russland Grosny 399.286
18%
Vereinigtes Königreich Kingston upon Hull 270.806
18%
Griechenland Larissa 164.093
18%
Italien Ravenna 156.444
18%
Russland Toljatti 662.683
18%
Russland Twer 412.806
18%
Frankreich Aix-en-Provence 149.695
17%
Spanien Badalona 230.642
17%
Russland Pensa 487.978
17%
Moldawien Tiraspol 133.807
17%
Russland Wladimir 341.579
17%
Bosnien & Herzegowina Banja Luka 135.059
16%
Ukraine Krywyj Rih 603.904
16%
Spanien Marbella 160.478
16%
Vereinigtes Königreich Newport 130.900
16%
Niederlande 's-Hertogenbosch 162.272
16%
Russland Tula 456.813
16%
Vereinigtes Königreich Watford 131.326
16%
Rumänien Braşov 237.589
15%
Russland Brjansk 372.123
15%
Vereinigtes Königreich Huddersfield 141.692
15%
Rumänien Iași 271.692
15%
Italien Perugia 162.467
15%
Italien Reggio di Calabria 168.572
15%
Polen Toruń 194.771
15%
Russland Uljanowsk 612.516
15%
Spanien Vitoria-Gasteiz 260.402
15%
Spanien Albacete 175.068
14%
Frankreich Angers 159.022
14%
Polen Czestochowa 205.969
14%
Italien Foggia 145.447
14%
Spanien Huelva 143.774
14%
Russland Ischewsk 616.297
14%
Russland Lipezk 483.040
14%
Ukraine Poltawa 279.593
14%
Russland Rjasan 519.315
14%
Russland Stawropol 562.964
14%
Ukraine Sumy 256.474
14%
Spanien Tarragona 143.260
14%
Russland Wologda 311.476
14%
Russland Kirow 475.871
13%
Vereinigtes Königreich Milton Keynes 197.354
13%
Ungarn Pécs 139.412
13%
Italien Tarent 185.909
13%
Spanien Terrassa 232.676
13%
Polen Zabrze 153.838
13%
Niederlande Almere 232.650
12%
Polen Gliwice 169.915
12%
Belarus Hrodna 358.717
12%
Russland Iwanowo 356.735
12%
Polen Olsztyn 167.311
12%
Russland/Ukraine Simferopol 340.540
12%
Spanien Jerez de la Frontera 215.025
11%
Russland Kostroma 264.952
11%
Ukraine Mykolajiw 470.011
11%
Vereinigtes Königreich Peterborough 190.584
11%
Vereinigtes Königreich Poole 140.977
11%
Belarus Wizebsk 359.148
11%
Frankreich Annecy 132.117
10%
Niederlande Apeldoorn 169.222
10%
Rumänien Galați 217.851
10%
Polen Kielce 182.295
10%
Italien Reggio'nell Emilia 172.518
10%
Vereinigtes Königreich Southend-on-Sea 182.287
10%
Ukraine Winnyzja 369.739
10%
Niederlande Amersfoort 163.766
9%
Rumänien Arad 145.078
9%
Spanien Badajoz 150.870
9%
Spanien Cartagena 220.400
9%
Russland Kaluga 324.989
9%
Spanien Leganés 195.946
9%
Spanien Lleida 147.369
9%
Rumänien Ploiești 180.540
9%
Russland Podolsk 313.414
9%
Polen Radom 196.005
9%
Ukraine Riwne 243.873
9%
Frankreich Saint-Denis 149.077
9%
Türkei Tekirdağ 186.421
9%
Ukraine Ternopil 225.004
9%
Russland Tscheboksary 497.061
9%
Russland Tscherepowez 298.160
9%
Ukraine Tschernihiw 282.747
9%
Finnland Vantaa 251.269
9%
Griechenland Volos 139.672
9%
Russland Weliki Nowgorod 222.669
9%
Belarus Baryssau 136.409
8%
Türkei Çorlu 308.073
8%
Ukraine Iwano-Frankiwsk 238.196
8%
Russland/Ukraine Kertsch 154.621
8%
Rumänien Sibiu 134.309
8%
Vereinigtes Königreich Swindon 183.638
8%
Schweden Västerås 131.643
8%
Frankreich Villeurbanne 163.684
8%
Russland Wolgodonsk 162.908
8%
Polen Zielona Góra 138.932
8%
Portugal Amadora 171.454
7%
Rumänien Bacău 136.087
7%
Polen Bytom 147.759
7%
Russland Chimki 259.399
7%
Russland Engels 222.115
7%
Ukraine Kramatorsk 147.145
7%
Spanien L'Hospitalet de Llobregat 292.161
7%
Belarus Mahiljou 353.338
7%
Ukraine Melitopol 148.861
7%
Russland Nabereschnyje Tschelny 548.221
7%
Rumänien Oradea 183.105
7%
Spanien Parla 138.012
7%
Russland Petrosawodsk 234.577
7%
Italien Prato 198.326
7%
Russland Saransk 309.349
7%
Ukraine Schytomyr 261.624
7%
Russland Tambow 254.940
7%
Ukraine Tscherkassy 269.836
7%
Portugal Vila Nova de Gaia 188.421
7%
Russland Balaschicha 544.303
6%
Polen Bielitz-Biala 165.766
6%
Rumänien Brăila 154.686
6%
Russland Joschkar-Ola 285.219
6%
Ukraine Luzk 215.986
6%
Ungarn Miskolc 141.440
6%
Russland Orjol 289.503
6%
Russland Pjatigorsk 142.895
6%
Russland Pskow 185.486
6%
Polen Rzeszów 197.268
6%
Russland Maikop 137.899
5%
Spanien Móstoles 214.293
5%
Russland Naltschik 245.588
5%
Russland Wolschski 313.034
5%
Spanien Alcorcón 170.817
4%
Spanien Castellón de la Plana 183.709
4%
Ukraine Chmelnyzkyj 274.452
4%
Ukraine Czernowitz 264.298
4%
Spanien Dos Hermanas 142.463
4%
Ukraine Horliwka 239.828
4%
Finnland Jyväskylä 149.194
4%
Ukraine Krementschuk 215.271
4%
Russland Ljuberzy 238.534
4%
Spanien Logroño 151.681
4%
Ukraine Makijiwka 338.968
4%
Russland Mytischtschi 278.693
4%
Russland Nischnekamsk 240.842
4%
Russland Noworossiysk 261.973
4%
Rumänien Pitești 141.275
4%
Russland Rybinsk 169.579
4%
Vereinigtes Königreich Slough 166.877
4%
Russland Taganrog 240.055
4%
Vereinigtes Königreich Telford 156.896
4%
Vereinigtes Königreich Warrington 174.954
4%
Spanien Alcalá de Henares 202.549
3%
Belarus Babrujsk 208.611
3%
Russland Elektrostal 143.048
3%
Spanien Fuenlabrada 189.814
3%
Serbien Kragujevac 146.315
3%
Russland Neftekamsk 133.874
3%
Russland Orsk 185.362
3%
Spanien Sabadell 224.589
3%
Russland Schachty 219.111
3%
Türkei Silivri 181.997
3%
Polen Sosnowiec 187.115
3%
Russland Syktywkar 219.094
3%
Spanien Torrejón de Ardoz 144.211
3%
Russland Wladikawkas 293.287
3%
Belarus Baranawitschy 172.150
2%
Ukraine Bila Zerkwa 207.273
2%
Russland Dserschinsk 213.410
2%
Ukraine Kamjanske 226.845
2%
Ukraine Kropywnyzkyj 219.676
2%
Spanien Mataró 131.370
2%
Griechenland Peristeri 133.632
2%
Russland Armawir 185.356
1%
Russland Kolomna 132.772
1%
Russland Koroljow 226.477
1%
Russland Krasnogorsk 196.987
1%
Russland Nowocherkassk 161.060
1%
Russland Salawat 144.970
1%
Russland Stary Oskol 215.937
1%
Russland Sterlitamak 280.487
1%
Russland Sysran 159.587
1%
Russland Almetjewsk 164.293
0%
Russland Balakowo 180.694
0%
Russland Beresniki 132.841
0%
Russland Chassawjurt 161.114
0%
Russland Domodedowo 158.046
0%
Russland Kaspijsk 133.105
0%
Russland Obninsk 132.965
0%
Russland Odinzowo 189.797
0%
Russland Schtscholkowo 139.737
0%
Russland Serpuchow 134.360
0%
Russland Sewerodwinsk 155.365
0%
Keine übereinstimmenden Quizze gefunden
Verteilung der Resultate
Anzahl Personen mit jedem Resultat
Perzentil nach korrekt beantworteten Fragen
Ihre Resultats-Entwicklung
Sie haben dieses Quiz seit der letzten Aktualisierung nicht gespielt